Tres teoremas sobre variedades diferenciales /
Guardado en:
| Autor Principal: | |
|---|---|
| Formato: | Libro |
| Idioma: | Spanish |
| Publicado: |
[Buenos Aires] :
Universidad de Buenos Aires, Facultad de Ciencias Exactas y Naturales, Departamento de Matemáticas,
1964.
|
| Series: | Cursos y seminarios de matemática ;
fasc. 17 |
| Etiquetas: |
Agregar Etiqueta
Sin Etiquetas, Sea el primero en etiquetar este registro!
|
| LEADER | 00707nam a22001815a 4500 | ||
|---|---|---|---|
| 001 | MAT.inmabb001786 | ||
| 008 | 031217s1964####ag#######b####000#0#spa#d | ||
| 005 | 20170622153930.0 | ||
| 245 | 1 | 0 | |a Tres teoremas sobre variedades diferenciales / |c Juan Carlos Merlo. |
| 260 | |a [Buenos Aires] : |b Universidad de Buenos Aires, Facultad de Ciencias Exactas y Naturales, Departamento de Matemáticas, |c 1964. | ||
| 300 | |a 141, [2] p. ; |c 27 cm. | ||
| 440 | 0 | |a Cursos y seminarios de matemática ; |v fasc. 17 | |
| 504 | |a Bibliografía: p. [143]. | ||
| 100 | 1 | |a Merlo, Juan Carlos. | |
| 084 | |a 53-XX |2 msc2000 | ||
| 010 | |a 77252249 | ||
| 859 | |h 53 |i M565 |p A-3176 |b BIB. MATEMATICA | ||
| 859 | |h 53 |i M565 |p A-3448 |t Ej. 2 |b BIB. MATEMATICA | ||
